Making of the english working class (Record no. 186703)

MARC details
000 -LEADER
fixed length control field 00385nam a2200157Ia 4500
008 - FIXED-LENGTH DATA ELEMENTS--GENERAL INFORMATION
fixed length control field 230917s9999||||xx |||||||||||||| ||und||
020 ## - ISBN
Price PON2
040 ## - CATALOGING SOURCE
-- 12472
Original cataloging agency VIVEKANANDA LIBRARY
041 ## - Language
-- English
082 ## - DDC NUMBER
Classification number 301.4442 T372M
100 ## - MAIN ENTRY--PERSONAL NAME
Personal name Thompson, E P
245 #0 - TITLE STATEMENT
Title Making of the english working class
260 ## - PUBLICATION, DISTRIBUTION, ETC. (IMPRINT)
Place of publication, distribution, etc Middlesex
Name of publisher, distributor, etc Penguin books
Date of publication, distribution, etc 1977
300 ## - PHYSICAL DESCRIPTION
Pages 947 p.
942 ## - ADDED ENTRY ELEMENTS (KOHA)
Koha item type Books
Holdings
Withdrawn status Lost status Damaged status Not for loan Location (home branch) Sublocation or collection (holding branch) Date acquired Koha issues (times borrowed) Koha full call number Accession No. Koha date last seen Koha item type
        VIVEKANANDA LIBRARY VIVEKANANDA LIBRARY 08/08/2002   301.4442 T372M 42524 17/09/2023 Books
© Designed and Maintained by Vivekananda Library, MDU Rohtak